Clic Quel pays ? Villes les plus hautes d'Asie - Statistiques

Statistiques générales
  • Ce quiz a été pris 4 fois
  • Le résultat moyen est 11 sur 40
Statistiques - réponses
Hint Extra Hint Réponse % Correct
Phumi Popok Vil Kampot / 842 m Cambodge
100%
Wenquan Qinghai / 5019 m Chine
100%
Rulkippara Chittagong / 237 m Bangladesh
67%
Samjiyon Ryanggang / 1356 m Corée du Nord
67%
Taebaek Gangwon / 650 m Corée du Sud
67%
Ukdungle Ladakh / 4659 m Inde
67%
Mulia Papouasie / 2706 m Indonésie
67%
Fereydounshahr Ispahan / 2490 m Iran
67%
Fujikawaguchiko Yamanashi / 875 m Japon
67%
Yangiabad Tachkent / 1500 m Ouzbékistan
67%
Sanaa Sanaa / 2250 m Yémen
67%
Arakht Badakhchan / 3100 m Afghanistan
33%
Abha Asir / 2200 m Arabie saoudite
33%
Laya Gasa / 3820 m Bhoutan
33%
Taunggyi Shan / 1436 m Birmanie
33%
Chatyndy Och / 4013 m Kirghizistan
33%
Wafra Al Ahmadi / 168 m Koweït
33%
Shimshal Gilgit-Baltistan / 3200 m Pakistan
33%
Ban Na Yang Chiang Mai / 1467 m Thaïlande
33%
Sa Pa Lào Cai / 1600 m Viêt Nam
33%
Sevan Gegharkunik / 1905 m Arménie
0%
Awali Sud / 62 m Bahreïn
0%
Rumah Supon Tutong / 203 m Brunei
0%
Masafi Ras el Khaïmah / 567 m Émirats arabes unis
0%
Penjwin As-Sulaymaniya / 1368 m Irak
0%
Beit Jann District nord / 940 m Israël
0%
Ajlun Ajlun / 760 m Jordanie
0%
Phongsaly Province de Phongsaly / 1334 m Laos
0%
Beqaa Kafra Bekaa / 1750 m Liban
0%
Brinchang Pahang / 1592 m Malaisie
0%
Altay Govi-Altay / 2181 m Mongolie
0%
Dolpa Karnali / 4360 m Népal
0%
Saiq Ad-Dākhilīyah / 1755 m Oman
0%
Baguio Benguet / 1500 m Philippines
0%
Umm Bab Jariyan al Batnah / 68 m Qatar
0%
Nuwara Eliya Centre / 1868 m Sri Lanka
0%
Rankous Rif Dimachq / 2150 m Syrie
0%
Murghab Haut-Badakhchan / 3650 m Tadjikistan
0%
Hatu-Builico Ainaro / 2000 m Timor oriental
0%
Khodzhai-Fil'ata Lebap / 1346 m Turkménistan
0%
Aucun quiz correspondant
Distribution des résultats
% des personnes avec chaque résultat
Percentile par nombre de réponses
Votre historique - résultats
Vous n’avez pas pris ce quiz